[Event "AUTO-ADV-4536"]
[Site "http://www.queenalice.com/game.php?id=1769293"]
[Date "2021.9.9"]
[Round "1"]
[White "Elcid"]
[Black "rviana"]
[Result "1-0"]
[WhiteElo "1919"]
[BlackElo "1965"]

1. Nf3 e6 2. b3 Nf6 3. Bb2 d5 4. e3 Bd6 5. c4 O-O 6. Be2 c5 7. cxd5 exd5 8. d4
Nc6 9. O-O Be6 10. dxc5 Bxc5 11. Nc3 Rc8 12. Rc1 a6 13. a3 Qe7 14. b4 Bd6 15.
Na4 b5 16. Nc5 Nb8 17. Nxe6 fxe6 18. Ne5 Nbd7 19. Nc6 Qe8 20. Bf3 Nb6 21. Ne5
Nc4 22. Nxc4 bxc4 23. Bc3 Qb5 24. Rb1 Rfd8 25. a4 Qd7 26. h3 Qe7 27. b5 axb5 28.
Rxb5 Ra8 29. a5 Ra6 30. Qc2 Qd7 31. Rfb1 Rc8 32. Rb7 Rc7 33. Rb8+ Kf7 34. R1b6
Rxb6 35. axb6 Rc6 36. Ra8 Rxb6 37. Bd4 1-0

[Event "AUTO-ADV-4536"]
[Site "http://www.queenalice.com/game.php?id=1769294"]
[Date "2021.9.9"]
[Round "1"]
[White "rviana"]
[Black "Elcid"]
[Result "0-1"]
[WhiteElo "1984"]
[BlackElo "1900"]

1. d4 Nf6 2. c4 e6 3. Nc3 Bb4 4. Nf3 Bxc3+ 5. bxc3 b6 6. e3 Bb7 7. Be2 O-O 8.
O-O Nc6 9. a4 Na5 10. Ba3 d6 11. Qc2 Be4 12. Bd3 Bxd3 13. Qxd3 Qd7 14. c5 bxc5
15. dxc5 Nb3 16. Rab1 Rab8 17. cxd6 cxd6 18. Qxd6 Rfd8 19. Qxd7 Rxd7 20. Bb4 Nd2
21. Nxd2 Rxd2 22. a5 a6 23. Rfd1 Rbd8 24. Rxd2 Rxd2 25. Kf1 Ng4 26. Bd6 Rxf2+
27. Kg1 h5 28. h3 Rd2 29. hxg4 Rxd6 30. gxh5 Rd5 31. c4 Rxa5 32. Rb2 Rxh5 33.
Kf2 a5 34. Rc2 Rc5 35. Ke2 e5 36. Kd3 f5 37. Ra2 g5 38. Ra4 Kf7 39. g3 Ke6 0-1

[Event "AUTO-ADV-4536"]
[Site "http://www.queenalice.com/game.php?id=1769303"]
[Date "2021.9.9"]
[Round "1"]
[White "rviana"]
[Black "maurice91"]
[Result "1-0"]
[WhiteElo "1922"]
[BlackElo "1874"]

1. c4 e6 2. d4 c6 3. Nc3 d5 4. e3 Nf6 5. Nf3 Nbd7 6. Be2 c5 7. O-O cxd4 8. Nxd4
Bc5 9. a3 Nb6 10. cxd5 Nfxd5 11. Bb5+ Bd7 12. Nxd5 exd5 13. Be2 O-O 14. b3 Be6
15. Bb2 Nd7 16. Rc1 Rc8 17. b4 Be7 18. Qd2 Bf6 19. Rxc8 Qxc8 20. Rc1 Qb8 21. Bb5
a6 22. Nxe6 fxe6 23. Bxd7 Qd6 24. Ba4 Bh4 25. f4 b5 26. Be5 Qd7 27. Rc7 Qd8 28.
Rxg7+ Kh8 29. Rd7+ Kg8 30. Rxd8 Rxd8 31. Bb3 Rd7 32. Qd4 Bd8 33. f5 exf5 34.
Bxd5+ Kf8 35. Qc5+ Ke8 36. Bc6 1-0

[Event "AUTO-ADV-4536"]
[Site "http://www.queenalice.com/game.php?id=1769304"]
[Date "2021.9.9"]
[Round "1"]
[White "maurice91"]
[Black "rviana"]
[Result "1-0"]
[WhiteElo "1840"]
[BlackElo "1942"]

1. d4 e6 2. c4 Nf6 3. g3 d5 4. cxd5 Nxd5 5. Bg2 Be7 6. e4 Nf6 7. Nc3 O-O 8. Nge2
c6 9. O-O Nbd7 10. f4 Nb6 11. h3 c5 12. d5 exd5 13. exd5 Bd6 14. Re1 Bd7 15. Be3
Nc4 16. Bf2 Qc7 17. b3 Nb6 18. Rc1 Rfe8 19. a4 Rad8 20. Qc2 Qc8 21. Kh2 Bf5 22.
Qd2 h6 23. g4 Ne4 24. Nxe4 Bxe4 25. Bxe4 Rxe4 26. Ng3 Bxf4 27. Be3 Rxd5 28. Qf2
Bxe3 29. Rxe3 Red4 30. Nf5 Qc7+ 31. Kg2 Rd2 32. Re2 Qc6 33. Ne7+ 1-0

[Event "Challenge"]
[Site "http://www.queenalice.com/game.php?id=1770307"]
[Date "2021.9.19"]
[Round "-"]
[White "lucasalex"]
[Black "rviana"]
[Result "0-1"]
[WhiteElo "1905"]
[BlackElo "1954"]

1. e4 e6 2. d4 d5 3. exd5 exd5 4. Nf3 Nf6 5. Bg5 Bd6 6. Nbd2 O-O 7. Be2 Be6 8.
O-O Nbd7 9. c4 h6 10. c5 Be7 11. Bf4 c6 12. h3 Ne4 13. Ne5 Nxe5 14. Bxe5 f5 15.
f3 Ng5 16. Nb3 f4 17. Qd2 Bxh3 18. Bxf4 Bd7 19. Bd3 Bf6 20. Rae1 Ne6 21. Be5 Qe8
22. Bc2 Qh5 23. Bd6 Rfe8 24. Be5 Ng5 25. Bxf6 gxf6 26. Qd3 Qf7 27. Qg6+ Qxg6 28.
Bxg6 Rxe1 29. Rxe1 Kf8 30. Kf2 Be8 31. Rxe8+ Rxe8 32. Bxe8 Kxe8 33. Na5 Ne6 34.
Ke3 Nd8 35. b4 Kf7 36. Nb3 Kg6 37. Nc1 Kg5 38. g3 Ne6 39. Nb3 h5 40. a4 f5 41.
Na5 f4+ 42. gxf4+ Nxf4 43. b5 h4 0-1

[Event "Challenge"]
[Site "http://www.queenalice.com/game.php?id=1771493"]
[Date "2021.10.5"]
[Round "-"]
[White "jpribeiro"]
[Black "rviana"]
[Result "1-0"]
[WhiteElo "1922"]
[BlackElo "1990"]

1. e4 e6 2. d4 Nf6 3. Nc3 Bb4 4. e5 Nd5 5. Bd2 O-O 6. Nxd5 Bxd2+ 7. Qxd2 c6 8.
Nc3 d6 9. O-O-O dxe5 10. dxe5 Qc7 11. f4 Nd7 12. Nf3 Nb6 13. Bd3 Nd5 14. Ne4 f5
15. Nd6 Qe7 16. c4 Nc7 17. c5 Ne8 18. Bc4 b5 19. cxb6 axb6 20. Nxc8 Rxc8 21. Qd7
Qxd7 22. Rxd7 1-0

[Event "Challenge"]
[Site "http://www.queenalice.com/game.php?id=1771494"]
[Date "2021.10.5"]
[Round "-"]
[White "rviana"]
[Black "jpribeiro"]
[Result "0-1"]
[WhiteElo "1971"]
[BlackElo "1941"]

1. d4 Nf6 2. c4 g6 3. Nf3 d5 4. e3 Bg7 5. Bd3 O-O 6. O-O c6 7. c5 Re8 8. Bd2 Bg4
9. h3 Bd7 10. Nc3 b5 11. b4 a6 12. a4 Qc7 13. axb5 cxb5 14. Qb3 e6 15. Nxb5 Qd8
16. Nd6 Rf8 17. b5 Ne8 18. Nxe8 Rxe8 19. bxa6 Nc6 20. Rfb1 Rb8 0-1

[Event "Challenge"]
[Site "http://www.queenalice.com/game.php?id=1771858"]
[Date "2021.10.9"]
[Round "-"]
[White "jpribeiro"]
[Black "rviana"]
[Result "1-0"]
[WhiteElo "1902"]
[BlackElo "2010"]

1. e4 e6 2. d4 d5 3. Nc3 dxe4 4. Nxe4 Nf6 5. Bg5 Be7 6. Nxf6+ Bxf6 7. Bxf6 Qxf6
8. Nf3 O-O 9. Bd3 Nc6 10. O-O b6 11. Re1 Bb7 12. a3 Rad8 13. c3 Rfe8 14. Qc2 h6
15. Rad1 1-0